Normale Ansicht
MARC-Ansicht
Eintrag Personenname
001 - Kontrollnummer
- Kontrollfeld: 37321
003 - Kontrollnummer Identifier
- Kontrollfeld: RU-10907106
005 - Datum und Zeit der letzten Transaktion
- Kontrollfeld: 20231010141112.0
008 - Datenelemente mit fester Länge
- Kontrollfeld mit fester Länge: 231010|| aca||aabn | a|a d
040 ## - Katalogisierungsquelle
- Original-Katalogisierungsstelle: RU-10907106
- Übertragungsstelle: RU-10907106
100 ## - Ansetzung - Personenname
- Personenname: Gemistus Plethon, George,
- Datumsangaben in Verbindung mit einem Namen: 15th cent
670 ## - Datenquelle
- Quellenangabe: Work cat.: (RU-10907106)65388: Woodhouse, C. M. (Christopher Montague), 1917- 37318, George Gemistos Plethon